Informačné zázemie pre procesné riadenie v samospráve
Zavádzanie procesného riadenia vo verejnej správe. Podmienky zavádzania controllingu do organizácie. Informačné zdroje pre finančnú analýzu organizácie samosprávy. Vybrané ukazovatele vo finančnej analýze modelovej samosprávy.
Salvato in:
| Autore principale: | |
|---|---|
| Altri autori: | |
| Natura: | Capitolo di libro |
| Lingua: | slovacco |
| Soggetti: | |
| Tags: |
Nessun Tag, puoi essere il primo ad aggiungerne!!
|
MARC
| LEADER | 00000nla$a2200000$$$4500 | ||
|---|---|---|---|
| 001 | 0145344 | ||
| 005 | 20220726082106.2 | ||
| 041 | 0 | |a slo | |
| 044 | |a SK | ||
| 245 | 1 | 0 | |a Informačné zázemie pre procesné riadenie v samospráve |c Nora Štangová, Jana Knežová |
| 520 | |a Zavádzanie procesného riadenia vo verejnej správe. Podmienky zavádzania controllingu do organizácie. Informačné zdroje pre finančnú analýzu organizácie samosprávy. Vybrané ukazovatele vo finančnej analýze modelovej samosprávy. | ||
| 610 | 2 | 0 | |a samospráva |
| 610 | 2 | 0 | |a správa verejná |
| 610 | 2 | 0 | |a zabezpečenie informačné |
| 610 | 2 | 0 | |a analýza finančná |
| 610 | 2 | 0 | |a kontroling |
| 610 | 2 | 0 | |a riadenie procesné |
| 100 | 1 | |a Štangová, Nora | |
| 700 | 1 | |a Knežová, Jana | |